Significación de la pintura de Tapies

Guardat en:
Dades bibliogràfiques
Autor principal: Cirlot, Juan Eduardo (Autor)
Format: Llibre
Idioma:espanyol
Publicat: Barcelona Seix Barral S. A 1962
Edició:1a. ed
Col·lecció:Museo, 168
Matèries:
Etiquetes: Afegir etiqueta
Sense etiquetes, Sigues el primer a etiquetar aquest registre!

MARC

LEADER 00000cam a2200000 a 4500
001 UCE0705
003 CL-VaPUC
008 140227e19620000sp |||||||||||||||||spa|d
082 0 4 |a 759.46  |b CIR  |2 21 
100 |a Cirlot, Juan Eduardo  |e author  |9 304005 
245 1 0 |a Significación de la pintura de Tapies 
250 |a 1a. ed 
300 |a 123 p 
942 |c BK 
945 |d 20140227 11:27:00  |a dcastane 
260 |a Barcelona  |b Seix Barral S. A  |c 1962 
600 0 7 |a TAPIES, ANTONI  |2 CL-VaPUC  |9 440737 
650 0 |a Pintura española   |9 315217 
650 0 |a Pintores españoles  |9 315216 
650 7 |a HISTORIA DE LA PINTURA  |2 CL-VaPUC  |9 500518 
583 |a last modification  |c 20140227 11:27:00  |k Rodrigo Vera 
490 0 |a Museo, 168 
999 |c 354765  |d 354763 
952 |0 0  |1 0  |3 erb  |4 0  |6 759_460000000000000_CIR_1962  |7 0  |8 A  |9 460922  |a BIBART  |b BIBART  |i 5005949  |l 2  |o 759.46 CIR 1962  |p 5005949  |r 2025-03-13  |s 2024-06-12  |w 2019-11-23  |y BK  |z Catalogado en:20140227  |k ART